000 01523cam a2200301 a 4500
005 20160811120442.0
008 160809s2008 ve abd fr 001 0 spa d
020 _a9789807175005
040 _aCO-BoUCM
_bspa
_cSaul Niño
_dSaul Niño
041 0 _aspa
245 0 0 _aDiversidad cultural e interculturalidad en educación superior
_bexperiencias en América Latina
_ccoordinador Daniel Mato
260 _aCaracas (venezuela)
_bASCUN
_c2008
300 _a474 páginas
_bilustraciones, diagramas, mapas y tablas
500 _a"Este libro es resultado de la labor del Proyecto Diversidad Cultural e Interculturalidad en Educación Superior en América Latina del Instituto Internacional de la UNESCO para la Educación Superior en América Latina y el Caribe (IESALC)". -- p. 15.
504 _aIncluye referencias bibliográficas e índices
650 7 _aEducación intercultural
_zAmérica Latina
_913837
650 2 4 _aEducación indígena
_zAmérica Latina
_978637
650 7 _aDesigualdad cultural
_zAmérica Latina
_913041
650 0 _aInteracción cultural
_zAmérica Latina
_939516
650 2 4 _aMulticulturalismo
_zAmérica Latina
_978638
690 0 _aEducación superior
_9177
700 1 _aMato, Daniel
_d1934-
_978639
710 2 _aUnesco
_963065
710 2 _aInstituto Internacional para enseñanza superior en América Latina y el Caribe
_978640
710 2 _aAsociación Colombiana de Universidades
_942230
942 _2DEWEY
_a10
_cLIBRO
_e1
_h378.017
_mD618cu
999 _c303960
_d303960